000 02354nam a22002657a 4500
001 216218448
003 UA-OsUOA
005 20201118195129.0
008 200519b un ||||| m||| 00| 0 ukr d
040 _aUA-OsUOA
_bukr
_cUA-OsUOA
_dUA-OsUOA
041 _aukr
080 _a343.46
090 _a343.46
095 _a12.00.08
_bкримінальне право та кримінологія; кримінально-виконавче право
100 _aСкора Л. М.
245 _aКримінально-правова характеристика протидії законній господарській діяльності
_cСкора Людмила Миколаївна ; наук. керівник Опалинський Юрій Володимирович
260 _aКиїв
_c2012
300 _a20 с.
502 _6Автореферат дисертації на здобуття наукового ступеня кандидата юридичних наук
_cНаціональна академія внутрішніх справ
_d2012
520 _aДисертація присвячена дослідженню питань кримінально-правової характеристики протидії законній господарській діяльності. Вивчено та узагальнено історичний і зарубіжний досвід у боротьбі із зазначеними посяганнями. Здійснено системний кримінально-правовий аналіз об’єктивних та суб’єктивних ознак складу злочину, передбаченого ст. 206 КК України. Визначено недоліки кримінально-правової норми, якою передбачено відповідальність за протидію законній господарській діяльності, та обґрунтовано доцільність внесення до неї змін.
650 _2UDC
_a343 Кримінальне право. Карні порушення
942 _2udc
_cAR
955 _a1
999 _c459278
_d459278